000 02031nam0a2200445 4500
001 RU\NLR\bibl\1931143
005 20260409071333.0
010 _a978-5-7281-1277-8
_91000
021 _aRU
_b2012-50376
_93682
035 _a(NLR Aleph) 001920497
090 _a3299567
_c3299567
100 _a20120802d2012 k y0rusy50 ca
101 1 _arus
_cger
_deng
102 _aRU
105 _ay |||||||||
200 1 _aЯд в ухо
_eисповедь и признание в русской литературе
_fСильвия Зассе
_g[пер. с нем. Б. Скуратова и И. Чубарова]
_gРос. гос. гуманит. ун-т
210 _aМосква
_cиздательский центр РГГУ
_d2012
215 _a399, [1] с.
_d22
225 1 _aСерия: Россика. Русистика. Россиеведение
_fред. совет: Е.И. Пивовар (пред.) [и др.]
_v2
300 _aЗагл. и авт. ориг.: Wortsunderen / Sylvia Sasse
300 _aВ аннот. авт.: проф. славистики Цюрих. ун-та С. Зассе
300 _aРез. на англ. яз.
320 _aБиблиогр. в подстроч. примеч.
320 _aДр. работы авт. на 4-й с. обл.
454 0 _12001#$aWortsunderen
_1700#1$aSasse$bS.$gSylvia$4070
_tWortsunderen
_aSasse, Sylvia
606 _aЛитература и философия
_91486076
_3RU\NLR\auth\66636021
606 1 _aЛитература и религия
_9997331
_3RU\NLR\auth\66377671
606 _aИсповедь (филос.)
_xв литературе русской
_92131069
_3RU\NLR\auth\661589732
686 1 _aЮ802.452
686 1 _aЭ210.362
686 1 _aШ5(2=Р)-34
700 1 _aЗассе
_bС.
_gСильвия
_4070
801 0 _aRU
_bNLR
_c20120802
_gRCR
801 1 _aRU
_bNLR
_c20120802
830 _aавт. по кн.
942 _cBOOK
980 _aNBR
980 _aNB